Liderazgo de marca

שמור ב:
מידע ביבליוגרפי
Main Authors: Aaker, David A (Author), Joachimsthaler, Erich (Author)
פורמט: ספר
שפה:ספרדית
יצא לאור: Barcelona Deusto 2006
סדרה:Líderes del Management. Marketing
נושאים:
תגים: הוספת תג
אין תגיות, היה/י הראשונ/ה לתייג את הרשומה!

MARC

LEADER 00000nam a2200000 a 4500
001 UCG1991
003 CL-VaPUC
008 100531e20060000SP |||||||||||||||||spa|d
020 |a 8423423875 
082 0 4 |a 658.827  |b AAK  |2 21 
100 0 |a Aaker, David A  |e author  |9 550160 
700 0 |a Joachimsthaler, Erich  |e author  |9 550161 
245 1 0 |a Liderazgo de marca 
300 |a 355 p 
942 |c BK 
945 |d 20100531 00:00:00  |a dcastane 
260 |a Barcelona  |b Deusto  |c 2006 
650 0 |a Marcas comerciales   |9 386702 
650 0 |a Imagen corporativa  |9 464486 
650 0 |a Marketing  |9 259324 
650 0 |a Propiedad industrial  |9 255086 
583 |a last modification  |c 20100531 00:00:00  |k Rodrigo Vera 
490 0 |a Líderes del Management. Marketing 
999 |c 341234  |d 341232 
952 |0 0  |1 0  |4 0  |6 658_827000000000000_AAK_2006  |7 0  |8 A  |9 436603  |a BIBCUR  |b BIBCUR  |d 2019-11-22  |i 4683064  |o 658.827 AAK 2006  |p 4683064  |r 2025-04-22  |w 2019-11-22  |y BK  |k PER